Schrift und Buch im Alten Mexiko (Record no. 11033)

MARC details
000 -CABECERA
campo de control de longitud fija 00943nam a22002657a 4500
001 - NÚMERO DE CONTROL
campo de control BRCA_9411
003 - IDENTIFICADOR DEL NÚMERO DE CONTROL
campo de control FranzMayer
005 - FECHA Y HORA DE LA ÚLTIMA TRANSACCIÓN
campo de control 20230918125723.0
008 - DATOS DE LONGITUD FIJA--INFORMACIÓN GENERAL
campo de control de longitud fija 230904b |||||||| |||| 00| 0 eng d
020 ## - NÚMERO INTERNACIONAL ESTÁNDAR DEL LIBRO
Número Internacional Estándar del Libro 3201014265
040 ## - FUENTE DE LA CATALOGACIÓN
Centro catalogador/agencia de origen MFM
Lengua de catalogación ESPAÑOL
Centro/agencia transcriptor MFM
050 #0 - SIGNATURA TOPOGRÁFICA DE LA BIBLIOTECA DEL CONGRESO
Número de clasificación F121954.M59
Número de documento/Ítem J36 1988
100 1# - ENTRADA PRINCIPAL--NOMBRE DE PERSONA
Código de función/relación Autor
Nombre de persona Jansen, Maarten
9 (RLIN) 29612
240 ## - TÍTULO UNIFORME
Título uniforme Schrift und Buch im Alten Mexiko
Lenguaje de la obra Alemán
245 0# - MENCIÓN DE TÍTULO
Título Schrift und Buch im Alten Mexiko
260 ## - PUBLICACIÓN, DISTRIBUCIÓN, ETC.
Lugar de publicación, distribución, etc. Austria
Nombre del editor, distribuidor, etc. Adeva
Fecha de publicación, distribución, etc. 1988
300 ## - DESCRIPCIÓN FÍSICA
Extensión 231 p
Otras características físicas Ilustraciones
Dimensiones 29 cm
500 ## - NOTA GENERAL
Nota general Anexo 1
500 ## - NOTA GENERAL
Nota general El libro se encuentra en pasta dura, con una sobrecubierta externa
505 ## - NOTA DE CONTENIDO CON FORMATO
Nota de contenido con formato Texto en: alemánIncluye índice temáticoIncluye bibliografíaDirigido a: historiadores, antropólogos
650 1# - PUNTO DE ACCESO ADICIONAL DE MATERIA--TÉRMINO DE MATERIA
Fuente del encabezamiento o término Latino America
Término de materia o nombre geográfico como elemento de entrada México
Subdivisión de forma Codices
9 (RLIN) 29613
651 2# - PUNTO DE ACCESO ADICIONAL DE MATERIA--NOMBRE GEOGRÁFICO
Fuente del encabezamiento o término México prehispánico
Nombre geográfico Libros antiguos
9 (RLIN) 29614
700 1# - PUNTO DE ACCESO ADICIONAL--NOMBRE DE PERSONA
Código de función/relación Autor
Nombre de persona Anders, Ferdinard
9 (RLIN) 29615
942 ## - ELEMENTOS DE PUNTO DE ACCESO ADICIONAL (KOHA)
Fuente del sistema de clasificación o colocación Library of Congress Classification
Tipo de ítem Koha Libros
Holdings
Estado de retiro Estado de pérdida Fuente del sistema de clasificación o colocación Estado dañado No para préstamo Código de colección Localización permanente Ubicación/localización actual Fecha de adquisición Total de préstamos Signatura topográfica completa Código de barras Fecha visto por última vez Precio válido a partir de Tipo de ítem Koha
El ejemplar forma parte de la colección y puede ser consultado según las políticas vigentes.   Library of Congress Classification     Fondo Contemporáneo Biblioteca del Museo Franz Mayer (Rogerio Casas-Alatriste) Biblioteca del Museo Franz Mayer (Rogerio Casas-Alatriste) 04/09/2023   F121954.M59 J36 1988 CONT10182 04/09/2023 04/09/2023 Libros